Ring-a-ring o'roses and other nursery rhymes

Bibliographic Details
Other Authors: Brita Granstrom
Format: Book
Published: UK : Walker Childerns Books , 2000
Subjects:

MARC

LEADER 00000cam a2200000 7i4500
001 0000034626
005 20220105104130.0
008 121005
020 |a 1406316834 
090 0 0 |a JP   |b ENG 
245 0 0 |a Ring-a-ring o'roses and other nursery rhymes   |c Illustrated by Brita Granstrom 
260 |a UK :   |b Walker Childerns Books ,   |c 2000 
500 |a Children age 4-6 years old (yellow) 
650 0 |a Childerens stories   |x Juvenile fiction 
650 0 |a Nursery rhymes   |x Juvenile fiction 
650 0 |a Stories in rhyme 
700 1 |a Brita Granstrom 
999 |a 0001157045   |b Book   |c Children Collection   |e Cawangan Tangkak